| Tag |
First Indicator |
Second Indicator |
Subfields |
| LEADER |
00000cam a2200000 4500 |
| 001 |
in00000049665 |
| 005 |
20151007073709.0 |
| 008 |
751001s1945 nyua 00010 eng |
| 010 |
|
|
|a 45009254
|
| 035 |
|
|
|a (OCoLC)01669322
|
| 035 |
|
|
|9 AAF0206AM
|
| 040 |
|
|
|a DLC
|c DZM
|d TXA
|d UtOrBLW
|
| 049 |
|
|
|a TXAM
|c [134766]
|
| 050 |
0 |
0 |
|a QL676
|b .F3
|
| 082 |
0 |
|
|a 598.2973
|
| 092 |
|
|
|a 598.2
|b F246i
|
| 100 |
1 |
|
|a Farrington, S. Kip
|q (Selwyn Kip),
|d 1904-1983.
|
| 245 |
1 |
0 |
|a Interesting birds of our country /
|c by S. Kip Farrington, jr., illustrated by Lynn Rogue Hunt.
|
| 264 |
|
1 |
|a Garden City, N.Y. :
|b Garden City publishing co.,
|c [1945]
|
| 300 |
|
|
|a 26 unnumbered pages :
|b illustrations (part color) ;
|c 26 x 31 cm.
|
| 336 |
|
|
|a text
|b txt
|2 rdacontent
|
| 337 |
|
|
|a unmediated
|b n
|2 rdamedia
|
| 338 |
|
|
|a volume
|b nc
|2 rdacarrier
|
| 650 |
|
0 |
|a Birds
|z United States.
|
| 700 |
1 |
|
|a Hunt, Lynn Bogue.
|
| 999 |
|
|
|a MARS
|
| 999 |
f |
f |
|s 9dd8ac93-f60f-3f93-94d1-949e21e6e178
|i bfe39955-a74c-3e0e-afbc-2c2500044c3a
|t 0
|
| 952 |
f |
f |
|p ric
|a Texas A&M University
|b Rellis Campus
|c Joint Library Facility
|d Remote Storage
|t 0
|e QL676 .F3
|h Library of Congress classification
|i unmediated -- volume
|m A14801020995
|
| 998 |
f |
f |
|a QL676 .F3
|t 0
|l Remote Storage
|